000 00546nam a2200181 i 4500
001 25923
003 ES-MaACL
005 20230906153345.0
007 t|
008 030103s1920 fr ||||1| fre d
100 1 _aArnaud, F.
_923064
245 1 3 _aLe langage de la vallée de Barcelonnette /
_cpar F. Arnaud et G. Morin ; preface de M. Paul Meyer.
260 _a[S.l. :
_bs.n.,
_c1920] (
_eMacon :
_fProtat Frères)
300 _a322 p. ;
_c25 cm.
700 1 _aMorin, G.
_983565
700 1 _aMeyer, Paul.
_980799
852 _aES-MaACL
_jF-8233
999 _c25923
_d25923